00966nam a2200253 a 4500001001000000003000500010005001700015008004100032010001100073011001100084040000900095100003000104245018200134260004100316500006000357502009800417650001200515650002100527650001300548650002400561650003200585650002500617856007000642000111364CHAP20260421140750.0150330s2014 mx fsm |||||||spa d a107826 a108798 cCHAP1 aRuíz Mosquera, Jadinson10aProducción de biomasa en Guazuma ulmifolia y en asociación con Leucaena leucocephala con diferentes métodos de fertilizaciónh[En línea]cpor Jadinson Ruíz Mosquera. aChapingo, Méx. :bEl autor,c2014. aPara ver el contenido del material haga clic en la liga aTesis (M. C. en Agroforestería para el DesarrolloSostenible) -- UACH Departamento de Suelos14aAbonos.14aÁrbolesxPoda.14aBiomasa.14aCultivos asociados.14aFertilización (Química)14aArboles como forraje aFinding aiduhttp://10.13.5.2/tesis/sist111364.pdfzTeclea aquí